Basic theory and application of tunnel diodes.

Bibliographic Details
Main Author: Gentile, Sylvester P.
Format: Book
Language:English
Published: Princeton, N. J. : Van Nostrand, [1962]
Subjects:

MARC

Tag First Indicator Second Indicator Subfields
LEADER 00000cam a2200000 4500
001 in00000368821
005 20151011075241.0
008 751014s1962 njua b 00000 eng
010 |a  62021021  
035 |a (OCoLC)01703446 
035 |9 ABP6275AM 
040 |a DLC  |c FQG  |d TXA  |d UtOrBLW 
049 |a TXAM  |c 1 [357510], 2 [360198] 
050 0 0 |a TK7872.V3  |b G44 
082 0 |a 621.3815 
100 1 |a Gentile, Sylvester P. 
245 1 0 |a Basic theory and application of tunnel diodes. 
264 1 |a Princeton, N. J. :  |b Van Nostrand,  |c [1962] 
264 4 |c [©1962] 
300 |a x, 295 pages :  |b illustrations ;  |c 24 cm. 
336 |a text  |b txt  |2 rdacontent 
337 |a unmediated  |b n  |2 rdamedia 
338 |a volume  |b nc  |2 rdacarrier 
504 |a Bibliography: pages 263-264. 
650 0 |a Tunnel diodes. 
999 |a MARS 
999 f f |s d1e1e642-27af-3cfa-8e26-c3acddfc42f2  |i f74e911e-5c29-32c9-88ae-64842fac9fe4  |t 0 
952 f f |p ric  |a Texas A&M University  |b Rellis Campus  |c Joint Library Facility  |d Remote Storage  |t 0  |e TK7872.V3 G44  |h Library of Congress classification  |i unmediated -- volume  |m A14805506773 
998 f f |a TK7872.V3 G44  |t 0  |l Remote Storage